Migracje wewnętrzne w Polsce w 2024 wg województw - Statystyki

Ogólne statystyki
  • Ten quiz został rozwiązany 14 razy
  • Średni wynik to 5 z 8
Statystyki odpowiedzi
Pozycja Saldo Województwo % Poprawnych
1. 10 289 Mazowieckie
100%
3. 4 043 Małopolskie
91%
4. 3 579 Dolnośląskie
82%
2. 4 869 Pomorskie
82%
13. - 2 755 Świętokrzyskie
55%
14. - 2 829 Podkarpackie
45%
15. - 2 883 Śląskie
36%
16. - 5 194 Lubelskie
27%
Nie znaleziono quizów pasujących do podanych kryteriów
Rozkład punktacji
Procent ludzi z każdym wynikiem
Percentyl według liczby udzielonych odpowiedzi
Twoja historia wyników
Nie rozwiązałeś tego quizu